[Event "Berlin Lieb Memorial 5th"]
[Site "Berlin"]
[Date "2019.05.17"]
[Round "3"]
[White "Krusemark, Gerhard"]
[Black "Krawatzki, Armin"]
[Result "1-0"]
[WhiteElo "1779"]
[BlackElo "1647"]
[PlyCount "46"]
[EventDate "2019.05.03"]
[EventType "swiss"]
[EventRounds "7"]
[EventCountry "GER"]
[SourceTitle "EXT 2020"]
[Source "ChessBase"]
[SourceDate "2019.10.17"]
[SourceVersion "1"]
[SourceVersionDate "2019.10.17"]
[SourceQuality "1"]

1. e4 e6 2. d4 d5 3. Nc3 Be7 4. e5 b6 5. f4 Nh6 6. Nf3 Nf5 7. Bd3 Ba6 8. Ne2 Bxd3 9. Qxd3 h5 10. Bd2 c5 11. dxc5 bxc5 12. c4 d4 13. Ng3 Nh4 14. Nxh4 Bxh4 15. Qe4 Nd7 16. 0-0 g6 17. b4 Bxg3 18. hxg3 Rb8 19. bxc5 Nxc5 20. Qc6+ Nd7 21. Rab1 Rc8 22. Qb5 0-0 23. Ba5 Nb6 1-0

[Event "Berlin Lieb Memorial 3rd"]
[Site "Berlin"]
[Date "2017.06.15"]
[Round "4"]
[White "Krusemark, Gerhard"]
[Black "Gerisch, Hans Dieter"]
[Result "1-0"]
[WhiteElo "1785"]
[BlackElo "1511"]
[PlyCount "56"]
[EventDate "2017.05.11"]
[EventType "swiss"]
[EventRounds "7"]
[EventCountry "GER"]
[SourceTitle "CBM 189 Extra"]
[Source "ChessBase"]
[SourceDate "2019.06.03"]
[SourceVersion "1"]
[SourceVersionDate "2019.06.03"]
[SourceQuality "1"]

1. e4 e5 2. Nf3 Nc6 3. Bb5 d6 4. h3 Bd7 5. c3 Nf6 6. d3 Ne7 7. Qb3 Qc8 8. Ng5 d5 9. exd5 Bxb5 10. Qxb5+ c6 11. dxc6 Qxc6 12. Qb3 Qd5 13. 0-0 Qxb3 14. axb3 Nc6 15. Re1 Bd6 16. d4 Nd7 17. f4 f6 18. Ne4 Be7 19. fxe5 fxe5 20. Rf1 Rf8 21. Rxf8+ Kxf8 22. d5 Nd8 23. Be3 Nf7 24. c4 Kg8 25. Nbc3 a6 26. c5 Rc8 27. b4 Nb8 28. b5 Nd8 1-0

[Event "Berlin-ch Seniors op 32nd"]
[Site "Berlin"]
[Date "2016.02.02"]
[Round "7"]
[White "Krusemark, Gerhard"]
[Black "Schraepel, Manfred"]
[Result "1-0"]
[WhiteElo "1770"]
[BlackElo "1913"]
[PlyCount "163"]
[EventDate "2016.01.26"]
[EventType "swiss"]
[EventRounds "9"]
[EventCountry "GER"]
[SourceTitle "EXT 2019"]
[Source "ChessBase"]
[SourceDate "2018.10.10"]
[SourceVersion "1"]
[SourceVersionDate "2018.10.10"]
[SourceQuality "1"]

1. d4 c5 2. d5 d6 3. e4 Nf6 4. Nc3 a6 5. a4 b6 6. Nf3 Bg4 7. Be2 Nbd7 8. h3 Bxf3 9. Bxf3 g6 10. Bf4 Qc7 11. Qd2 h5 12. 0-0 Bg7 13. Rfe1 Ne5 14. Be2 c4 15. Be3 0-0 16. f4 Ned7 17. Bf3 Rac8 18. Bd4 Bh6 19. Be3 Bg7 20. Rad1 Nc5 21. Qe2 Ncd7 22. Qf2 Rb8 23. Bd4 b5 24. axb5 axb5 25. Ne2 Nc5 26. Ng3 Nfd7 27. Bxg7 Kxg7 28. Qd4+ Kh7 29. e5 Qb6 30. e6 Nf6 31. exf7 Rxf7 32. Kh2 Ncd7 33. f5 Qxd4 34. Rxd4 Ne5 35. fxg6+ Kxg6 36. Bd1 b4 37. Be2 Rc8 38. Rf1 Rh7 39. Nf5 Rc7 40. Ne3 Rh8 41. Nxc4 Ned7 42. Bd3+ Kg7 43. b3 Rc5 44. Ne3 Rb8 45. Rf5 Ne5 46. Bc4 Rcc8 47. Rg5+ Kf8 48. Rf4 Ke8 49. Nf5 Nf7 50. Rg3 Kf8 51. Re3 Rc7 52. Nd4 Rcb7 53. Ne6+ Ke8 54. Rh4 Kd7 55. Ng7 Rh8 56. Nf5 Ne5 57. Kg1 Kd8 58. Rg3 Rh7 59. Rf4 Kd7 60. Rg7 Rxg7 61. Nxg7 Nxc4 62. bxc4 b3 63. cxb3 Rxb3 64. Kf2 Rb2+ 65. Kg3 Re2 66. Kf3 Rc2 67. Rd4 Rc3+ 68. Kf4 Rc2 69. g4 hxg4 70. hxg4 Rf2+ 71. Kg3 Rf1 72. Kg2 Re1 73. g5 Ng8 74. Ne6 Rxe6 75. dxe6+ Kxe6 76. Rd5 Kf7 77. Kf3 Ke8 78. Kf4 Kd7 79. Ra5 e5+ 80. Kf5 Ne7+ 81. Kf6 Nc6 82. Ra3 1-0

[Event "Berlin-ch Seniors op 31st"]
[Site "Berlin"]
[Date "2015.02.06"]
[Round "8"]
[White "Schulz, Manfred"]
[Black "Krusemark, Gerhard"]
[Result "0-1"]
[WhiteElo "1369"]
[BlackElo "1636"]
[PlyCount "64"]
[EventDate "2015.01.29"]
[EventType "swiss"]
[EventRounds "9"]
[EventCountry "GER"]
[SourceTitle "EXT 2018"]
[Source "ChessBase"]
[SourceDate "2017.10.13"]
[SourceVersion "1"]
[SourceVersionDate "2017.10.13"]
[SourceQuality "1"]

1. d4 Nf6 2. Nf3 g6 3. e3 Bg7 4. b3 0-0 5. Bb2 c5 6. Nbd2 cxd4 7. exd4 Nc6 8. c4 e6 9. Be2 b6 10. Ne5 Bb7 11. Bf3 Qc7 12. 0-0 d6 13. Nxc6 Bxc6 14. Rc1 Qb7 15. Re1 Rad8 16. Bxc6 Qxc6 17. Nf3 Qb7 18. Re2 d5 19. c5 bxc5 20. Rxc5 Ne4 21. Rcc2 Rc8 22. Rxc8 Rxc8 23. Rc2 Nd6 24. Qc1 Rxc2 25. Qxc2 h6 26. Ba3 Nf5 27. Bc5 Qc7 28. Qe2 Qf4 29. Qd1 a6 30. h3 g5 31. Kf1 h5 32. Ne5 Ne3+ 0-1

[Event "Berlin-ch Seniors op 31st"]
[Site "Berlin"]
[Date "2015.02.03"]
[Round "5"]
[White "Bauder, Herbert"]
[Black "Krusemark, Gerhard"]
[Result "1-0"]
[WhiteElo "1839"]
[BlackElo "1636"]
[PlyCount "53"]
[EventDate "2015.01.29"]
[EventType "swiss"]
[EventRounds "9"]
[EventCountry "GER"]
[SourceTitle "EXT 2018"]
[Source "ChessBase"]
[SourceDate "2017.10.13"]
[SourceVersion "1"]
[SourceVersionDate "2017.10.13"]
[SourceQuality "1"]

1. d4 Nf6 2. Nf3 e6 3. c4 d5 4. Nc3 c6 5. Bg5 Nbd7 6. e3 Qa5 7. cxd5 Nxd5 8. Qd2 Bb4 9. Rc1 Nxc3 10. bxc3 Bd6 11. e4 f6 12. Bh4 0-0 13. Bc4 Re8 14. 0-0 Nf8 15. Rfe1 b5 16. Bb3 Qc7 17. e5 fxe5 18. Nxe5 c5 19. Bg3 c4 20. Bc2 Bb7 21. Be4 Rad8 22. Qg5 Bxe4 23. Rxe4 Be7 24. Qh5 Qb7 25. Qf7+ Kh8 26. Rg4 g6 27. Nxg6+ 1-0

[Event "Berlin Lichtenberger op 13th"]
[Site "Berlin"]
[Date "2014.08.21"]
[Round "6"]
[White "Krusemark, Gerhard"]
[Black "Guenther, Boris"]
[Result "0-1"]
[WhiteElo "1755"]
[BlackElo "1538"]
[PlyCount "80"]
[EventDate "2014.08.16"]
[EventType "swiss"]
[EventRounds "9"]
[EventCountry "GER"]
[SourceTitle "CBM 161 Extra"]
[Source "ChessBase"]
[SourceDate "2014.08.29"]
[SourceVersion "1"]
[SourceVersionDate "2014.08.29"]
[SourceQuality "1"]

1. e4 e5 2. Nf3 Nc6 3. Bb5 a6 4. Ba4 d6 5. c3 f5 6. d4 fxe4 7. Ng5 b5 8. Bc2 d5 9. 0-0 Be7 10. h4 Nf6 11. dxe5 Bg4 12. f3 exf3 13. Nxf3 Nxe5 14. Nbd2 Bc5+ 15. Kh1 0-0 16. Qe1 Nxf3 17. Nxf3 Re8 18. Qd1 Ne4 19. Bxe4 Rxe4 20. Bg5 Qd6 21. Qc2 h6 22. Bd2 Bxf3 23. Rxf3 Rxh4+ 24. Rh3 Rxh3+ 25. gxh3 Qe6 26. Qd3 Qe4+ 27. Qxe4 dxe4 28. Re1 Rf8 29. Bf4 c6 30. h4 Bf2 31. Re2 Bxh4 32. Kg2 Kf7 33. Bd6 Re8 34. Bc5 Kg6 35. Kh3 Be7 36. Rg2+ Kf7 37. Bd4 Bf6 38. Be3 g5 39. Kg4 Kg6 40. Rd2 h5+ 0-1

[Event "Zehlendorf op"]
[Site "Berlin"]
[Date "2012.05.24"]
[Round "2"]
[White "Krusemark, Gerhard"]
[Black "Weiss, Daniel"]
[Result "0-1"]
[WhiteElo "1790"]
[BlackElo "1565"]
[PlyCount "48"]
[EventDate "2012.05.10"]
[EventType "swiss"]
[EventRounds "7"]
[EventCountry "GER"]
[SourceTitle "EXT 2022"]
[Source "ChessBase"]
[SourceDate "2021.10.06"]
[SourceVersion "1"]
[SourceVersionDate "2021.10.06"]
[SourceQuality "1"]

1. c4 Nf6 2. d4 g6 3. Nc3 Bg7 4. e4 d6 5. Nf3 0-0 6. Be2 e5 7. 0-0 Nbd7 8. Bg5 c6 9. Re1 h6 10. Bd2 Qe7 11. Qc2 exd4 12. Nxd4 Re8 13. Bf1 Ng4 14. Nf3 Nde5 15. Be2 Nxf3+ 16. Bxf3 Qh4 17. Bxg4 Bxg4 18. Qd3 Be6 19. f4 f5 20. Rad1 Rad8 21. b3 fxe4 22. Rxe4 Bf5 23. Rxe8+ Rxe8 24. Qxd6 Rd8 0-1

[Event "Berlin-ch Seniors op 27th"]
[Site "Berlin"]
[Date "2011.02.06"]
[Round "9"]
[White "Kohlstadt Erlebach, Paul"]
[Black "Krusemark, Gerhard"]
[Result "1/2-1/2"]
[WhiteElo "1704"]
[BlackElo "1620"]
[PlyCount "27"]
[EventDate "2011.01.29"]
[EventType "swiss"]
[EventRounds "9"]
[EventCountry "GER"]
[SourceTitle "EXT 2012"]
[Source "ChessBase"]
[SourceDate "2011.11.24"]
[SourceVersion "1"]
[SourceVersionDate "2011.11.24"]
[SourceQuality "1"]

1. e4 Nf6 2. e5 Nd5 3. d4 d6 4. c4 Nb6 5. f4 dxe5 6. fxe5 Nc6 7. Nf3 Bg4 8. Be3 e6 9. a3 a5 10. Nc3 Be7 11. Be2 0-0 12. 0-0 f6 13. exf6 Bxf6 14. Ne4 1/2-1/2

[Event "Berlin Lichtenrade op 06th"]
[Site "Berlin"]
[Date "2010.10.16"]
[Round "1"]
[White "Syre, Christian"]
[Black "Krusemark, Gerhard"]
[Result "1-0"]
[WhiteElo "2264"]
[BlackElo "1801"]
[PlyCount "91"]
[EventDate "2010.10.16"]
[EventType "swiss"]
[EventRounds "9"]
[EventCountry "GER"]
[SourceTitle "CBM 138 Extra"]
[Source "ChessBase"]
[SourceDate "2010.10.29"]
[SourceVersion "1"]
[SourceVersionDate "2010.10.29"]
[SourceQuality "1"]

1. d4 d5 2. c4 e6 3. Nc3 Nf6 4. Bg5 Be7 5. e3 Nbd7 6. Nf3 c6 7. Qc2 0-0 8. cxd5 exd5 9. Bd3 h6 10. Bh4 Ne4 11. Bxe7 Qxe7 12. Nxe4 dxe4 13. Bxe4 Re8 14. Bh7+ Kh8 15. Bd3 c5 16. 0-0 b6 17. Bb5 Bb7 18. Qf5 Red8 19. Bc4 Rf8 20. Rad1 Be4 21. Qf4 g5 22. Qg3 Nf6 23. Ne5 Rad8 24. f4 g4 25. Qh4 h5 26. Bxf7 Rxf7 27. Nxf7+ Qxf7 28. dxc5 Rd5 29. Rxd5 Bxd5 30. cxb6 axb6 31. Qg5 Bxa2 32. Rc1 Bd5 33. Qh6+ Kg8 34. Rc8+ Ne8 35. Qxb6 Be4 36. Qb5 Kf8 37. Qe5 Bh7 38. Qh8+ Bg8 39. Qh6+ Ke7 40. Qg5+ Kf8 41. Qc5+ Kg7 42. Qe5+ Kf8 43. b4 Bh7 44. b5 Bf5 45. Rxe8+ Qxe8 46. Qxf5+ 1-0

[Event "GER-ch Seniors 22nd"]
[Site "Berlin"]
[Date "2010.08.22"]
[Round "7"]
[White "Mertens, Gottfried"]
[Black "Krusemark, Gerhard"]
[Result "1-0"]
[WhiteElo "1762"]
[BlackElo "1611"]
[PlyCount "69"]
[EventDate "2010.08.16"]
[EventType "swiss"]
[EventRounds "9"]
[EventCountry "GER"]
[SourceTitle "CBM 138 Extra"]
[Source "ChessBase"]
[SourceDate "2010.10.29"]
[SourceVersion "1"]
[SourceVersionDate "2010.10.29"]
[SourceQuality "1"]

1. f4 h6 2. e4 d5 3. exd5 Qxd5 4. Nc3 Qd6 5. d4 c6 6. Nf3 Bg4 7. Be2 Bxf3 8. Bxf3 Nf6 9. 0-0 Nbd7 10. Be3 e6 11. Qe2 Be7 12. a3 0-0 13. g4 Qc7 14. Qg2 Bd6 15. Be2 Nd5 16. Nxd5 exd5 17. g5 hxg5 18. fxg5 Rae8 19. Rf3 Re6 20. Bd3 Rfe8 21. Bd2 Nf8 22. Raf1 R8e7 23. R1f2 Ng6 24. Qg4 c5 25. Rh3 Re1+ 26. Bxe1 Rxe1+ 27. Kg2 Nf4+ 28. Rxf4 Bxf4 29. Qh5 Kf8 30. Qh8+ Ke7 31. Qxg7 Re6 32. Rh7 Ke8 33. Rh8+ Ke7 34. Qf8+ Kd7 35. Bb5+ 1-0

[Event "GER-ch Seniors 22nd"]
[Site "Berlin"]
[Date "2010.08.18"]
[Round "3"]
[White "Krusemark, Gerhard"]
[Black "Krafzik, Joachim"]
[Result "1/2-1/2"]
[WhiteElo "1611"]
[BlackElo "1811"]
[PlyCount "101"]
[EventDate "2010.08.16"]
[EventType "swiss"]
[EventRounds "9"]
[EventCountry "GER"]
[SourceTitle "CBM 138 Extra"]
[Source "ChessBase"]
[SourceDate "2010.10.29"]
[SourceVersion "1"]
[SourceVersionDate "2010.10.29"]
[SourceQuality "1"]

1. e4 e6 2. d4 d5 3. Nd2 Nf6 4. e5 Nfd7 5. Bd3 c5 6. c3 Qb6 7. Ne2 cxd4 8. cxd4 Nc6 9. Nf3 Bb4+ 10. Bd2 Bxd2+ 11. Qxd2 Qb4 12. Rc1 Qxd2+ 13. Nxd2 0-0 14. 0-0 f5 15. f4 a6 16. a3 Kh8 17. Rc3 Rb8 18. b3 Nb6 19. Nf3 Bd7 20. Rfc1 Rfe8 21. Rc5 Nc8 22. b4 N8e7 23. Ne1 Na7 24. g3 Bc6 25. R5c3 Rbc8 26. Kf2 Kg8 27. Nf3 h6 28. Nd2 Bb5 29. Rxc8 Rxc8 30. Rxc8+ Nexc8 31. Bxb5 axb5 32. Nc3 Nb6 33. Nb3 Nc4 34. Nc5 Kf7 35. Nxb7 Nxa3 36. Nd6+ Ke7 37. Ke2 Nc2 38. Ncxb5 Nxb5 39. Nxb5 Nxb4 40. h3 Nc6 41. Ke3 Na5 42. Nd6 Nc6 43. g4 g6 44. Nb5 Nd8 45. gxf5 gxf5 46. Nd6 Nc6 47. Nb5 Nb4 48. Nd6 Nc6 49. Kd3 Kf8 50. Ke3 Ne7 51. Kf3 1/2-1/2

[Event "Berlin-ch Seniors op 26th"]
[Site "Berlin"]
[Date "2010.02.15"]
[Round "7"]
[White "Krusemark, Gerhard"]
[Black "Krempelsetzer, Klaus"]
[Result "1-0"]
[WhiteElo "1603"]
[BlackElo "1716"]
[PlyCount "97"]
[EventDate "2010.02.09"]
[EventType "swiss"]
[EventRounds "9"]
[EventCountry "GER"]
[SourceTitle "EXT 2012"]
[Source "ChessBase"]
[SourceDate "2011.11.24"]
[SourceVersion "1"]
[SourceVersionDate "2011.11.24"]
[SourceQuality "1"]

1. d4 Nf6 2. c4 g6 3. g3 c6 4. Bg2 d5 5. b3 Bg7 6. Nc3 0-0 7. Nf3 Na6 8. 0-0 Nc7 9. h3 Be6 10. c5 b6 11. Ba3 bxc5 12. Bxc5 Na6 13. Ba3 Re8 14. Rc1 Qa5 15. Na4 Rac8 16. Ne5 Nb8 17. e3 Nfd7 18. Nd3 Na6 19. b4 Qb5 20. Nc3 Qb7 21. Rb1 Nc7 22. Bb2 Nb5 23. Na4 Bf5 24. Nac5 Nxc5 25. Nxc5 Qb6 26. Rc1 Rc7 27. g4 Bd7 28. Qa4 e6 29. Rc2 Bf8 30. Rfc1 Bxc5 31. dxc5 Qb7 32. Qb3 Rcc8 33. a4 Nc7 34. f4 f6 35. Bxf6 Rf8 36. Bb2 Ne8 37. Qc3 Kf7 38. h4 Rb8 39. b5 Ke7 40. g5 Kd8 41. Qa5+ Kc8 42. Be5 Ra8 43. e4 a6 44. b6 Kd8 45. exd5 exd5 46. Bxd5 Bf5 47. Rd2 cxd5 48. c6 Qf7 49. b7+ 1-0

[Event "Berlin-ch Seniors op 26th"]
[Site "Berlin"]
[Date "2010.02.12"]
[Round "4"]
[White "Toth, Hans Juergen"]
[Black "Krusemark, Gerhard"]
[Result "1-0"]
[WhiteElo "1452"]
[BlackElo "1603"]
[PlyCount "147"]
[EventDate "2010.02.09"]
[EventType "swiss"]
[EventRounds "9"]
[EventCountry "GER"]
[SourceTitle "EXT 2012"]
[Source "ChessBase"]
[SourceDate "2011.11.24"]
[SourceVersion "1"]
[SourceVersionDate "2011.11.24"]
[SourceQuality "1"]

1. f4 d5 2. Nf3 Nf6 3. e3 g6 4. d4 Bg7 5. Bd3 0-0 6. 0-0 Nbd7 7. Nbd2 c5 8. c3 b6 9. b3 Bb7 10. Bb5 a6 11. Bxd7 Nxd7 12. Ne5 f6 13. Nef3 e5 14. g3 Rc8 15. Ba3 Re8 16. Qe2 cxd4 17. cxd4 exf4 18. gxf4 Nf8 19. Rfc1 Qd7 20. Nf1 Ne6 21. Qg2 a5 22. Rxc8 Rxc8 23. Rc1 Rxc1 24. Bxc1 Qc6 25. Qb2 Ba6 26. Ne1 Bf8 27. Qc2 Qb5 28. Ng3 Bd6 29. Kf2 Kg7 30. Qe2 a4 31. Qxb5 Bxb5 32. bxa4 Bxa4 33. Ke2 Bb5+ 34. Nd3 Bc4 35. a3 Nc7 36. Kd2 h5 37. Ne2 h4 38. Nc3 b5 39. Nb4 h3 40. Ke1 g5 41. Kf2 Kg6 42. Kg3 gxf4+ 43. exf4 Kf5 44. Kf3 Ke6 45. Kg4 Bf1 46. f5+ Kf7 47. Bf4 Bxb4 48. axb4 Na6 49. Bd6 Bg2 50. Nxb5 Ke8 51. Nc7+ Nxc7 52. Bxc7 Kd7 53. Bb6 Ke8 54. Bc5 Bf1 55. Kg3 Kf7 56. Kf2 Bd3 57. Ke3 Bxf5 58. b5 Bc8 59. b6 Kg6 60. Bd6 f5 61. Kf4 Kf6 62. Be5+ Kg6 63. Kg3 Kg5 64. Kxh3 f4+ 65. Kg2 Kg4 66. h3+ Kf5 67. Kf3 Kg5 68. Bxf4+ Kh4 69. Bd6 Kxh3 70. Kf4 Kh4 71. Bc5 Kh5 72. Ke5 Bb7 73. Kd6 Kg6 74. Kc7 1-0

[Event "Berlin-ch Seniors op 26th"]
[Site "Berlin"]
[Date "2010.02.09"]
[Round "1"]
[White "Krusemark, Gerhard"]
[Black "Keusch, Horst"]
[Result "0-1"]
[WhiteElo "1603"]
[BlackElo "1879"]
[PlyCount "38"]
[EventDate "2010.02.09"]
[EventType "swiss"]
[EventRounds "9"]
[EventCountry "GER"]
[SourceTitle "EXT 2012"]
[Source "ChessBase"]
[SourceDate "2011.11.24"]
[SourceVersion "1"]
[SourceVersionDate "2011.11.24"]
[SourceQuality "1"]

1. d4 Nf6 2. c4 e6 3. Nf3 b6 4. g3 Bb7 5. Bg2 Ne4 6. 0-0 f5 7. d5 exd5 8. cxd5 Be7 9. Nd4 Nd6 10. Nc3 0-0 11. Bf4 Na6 12. Rc1 Bg5 13. Bxg5 Qxg5 14. e3 Nc5 15. f3 Qxe3+ 16. Kh1 Nd3 17. Rc2 Qxd4 18. Rd2 Ba6 19. Ne2 Qe3 0-1

[Event "Berlin Lichtenberger op 8th"]
[Site "Berlin"]
[Date "2009.08.20"]
[Round "6"]
[White "Hahn, Thomas"]
[Black "Krusemark, Gerhard"]
[Result "1-0"]
[WhiteElo "1826"]
[BlackElo "1858"]
[PlyCount "107"]
[EventDate "2009.08.15"]
[EventType "swiss"]
[EventRounds "9"]
[EventCountry "GER"]
[SourceTitle "CBM 131 Extra"]
[Source "ChessBase"]
[SourceDate "2009.09.03"]
[SourceVersion "2"]
[SourceVersionDate "2009.09.16"]
[SourceQuality "1"]

1. d4 d5 2. Bf4 c5 3. e3 Nf6 4. c3 e6 5. Nf3 Nc6 6. Bd3 Be7 7. Nbd2 Bd7 8. h3 cxd4 9. exd4 Qb6 10. Qc2 Rc8 11. Qb3 0-0 12. Qxb6 axb6 13. 0-0 Ra8 14. Bc7 Bd8 15. Bd6 Re8 16. Rfe1 Na7 17. Re3 Nb5 18. Bg3 Be7 19. Ne5 Bc6 20. a3 Nd6 21. Rae1 Bb5 22. Nxf7 Kxf7 23. Bxd6 Bxd3 24. Bxe7 Rxe7 25. Rxd3 Ne8 26. Nf3 Nc7 27. Rde3 Rae8 28. Ng5+ Kg8 29. f4 h6 30. Nf3 Rf7 31. g3 Ref8 32. Ne5 Rf5 33. g4 Rxf4 34. Ng6 R4f6 35. Nxf8 Kxf8 36. Rf1 Ke7 37. Kg2 Rg6 38. Ref3 h5 39. Rf7+ Kd6 40. Kg3 hxg4 41. hxg4 Kc6 42. Rh1 Ne8 43. Rh7 Rxg4+ 44. Kxg4 Nf6+ 45. Kf4 Nxh7 46. Rxg7 Nf8 47. Ke5 b5 48. Rf7 Nd7+ 49. Kxe6 Nb6 50. b3 Nc8 51. Rd7 Na7 52. Rxd5 b4 53. axb4 Nb5 54. Rxb5 1-0